LEADER 01396cam--2200445---450- 001 990002829510203316 005 20131125112907.0 010 $a88-17-10703-4 035 $a000282951 035 $aUSA01000282951 035 $a(ALEPH)000282951USA01 035 $a000282951 100 $a20061027d2005----km-y0itay50------ba 101 1 $aita$ceng 102 $aIT 105 $ay|||z|||001yy 200 1 $aImpero$fMichael Hardt, Antonio Negri$gtraduzione e cura di Alessandro Pandolfi$gtraduzione delle note e ricerche bibliografiche a cura di Daniele Didero 205 $a3. ed 210 $aMilano$cBiblioteca universale Rizzoli$d2005 215 $a451 p.$d23 cm 225 2 $aBUR$iSaggi 410 0$12001$aBUR$iSaggi 454 0$12001$aEmpire$915518 606 0 $aImperialismo 606 0 $aEconomia mondiale 676 $a325.3209045 700 1$aHARDT,$bMichael$0148172 701 1$aNEGRI,$bAntonio$f<1933- >$045038 702 1$aPANDOLFI,$bAlessandro$f<1955-2017> 702 1$aDIDERO,$bDaniele 801 0$aIT$bsalbc$gISBD 912 $a990002829510203316 951 $a325.320 HAR 1 (IEP III 1003)$b194298 L.M.$c325.320$d00208749 959 $aBK 969 $aECO 979 $aANNAMARIA$b90$c20061027$lUSA01$h0909 979 $aRSIAV4$b90$c20090219$lUSA01$h1139 979 $aANNAMARIA$b90$c20131125$lUSA01$h1129 996 $aEmpire$915518 997 $aUNISA LEADER 01775nas 2200409 n 450 001 990008993440403321 005 20240229084426.0 011 $a0733-9453 035 $a000899344 035 $aFED01000899344 035 $a(Aleph)000899344FED01 035 $a000899344 091 $2CNR$aP 00064462 100 $a20161109a19839999km-y0itaa50------ba 101 0 $aeng 102 $aUS 110 $aauu-------- 200 1 $aJournal of surveying engineering 207 1$a1983- 210 $aNew York$cAmerican Society of Civil Engineers 430 0$1001000899546$12001$aJournal of the Surveying and Mapping Division 452 0$12001$aJournal of surveying engineering 530 0 $aJournal of surveying engineering 675 $a528.4 676 $a526.9/05 712 02$aAmerican Society of Civil Engineers 801 0$aIT$bACNP$c20090723 859 4 $uhttp://acnp.cib.unibo.it/cgi-ser/start/it/cnr/dc-p1.tcl?catno=43065&person=false&language=ITALIANO&libr=&libr_th=unina1$zBiblioteche che possiedono il periodico 901 $aSE 912 $a990008993440403321 958 $aBiblioteca Centrale "F. Gasparini". Facoltà di Ingegneria. Università degli Studi di Napoli "Federico II"$b1983;1987-$eVIIIa2$fFINBC FINAG 959 $aFINBC 959 $aFINAG 996 $aJournal of surveying engineering$9104856 997 $aUNINA AP1 8 $6866-01$aNA104 Biblioteca Centrale "F. Gasparini". Facoltà di Ingegneria. Università degli Studi di Napoli "Federico II"$bVIIIa2$ep.le Tecchio,80, 80125 Napoli (NA)$m0817682190;0817682195$m0817682188$nit AP2 40$aacnp.cib.unibo.it$nACNP Italian Union Catalogue of Serials$uhttp://acnp.cib.unibo.it/cgi-ser/start/it/cnr/df-p.tcl?catno=43065&language=ITALIANO&libr=&person=&B=1&libr_th=unina&proposto=NO